| 000 | 00596nam a2200193 i 4500 | ||
|---|---|---|---|
| 001 | 88126 | ||
| 003 | ES-MaACL | ||
| 007 | t| | ||
| 008 | 050103s1934 sp ||||1| spa d | ||
| 100 | 1 |
_aLafuente Ferrari, Enrique, _d1898-1985 _969538 |
|
| 245 | 1 | 0 |
_aBreve historia de la pintura española / _cpor Enrique Lafuente Ferrari. |
| 250 | _a1ª ed. | ||
| 260 |
_aMadrid : _b[s.n., _c1934] ( _fUnion Poligráfica) |
||
| 300 |
_a126 p., 55 lám. ; _c18 cm. |
||
| 490 | 1 | _aMisiones de arte | |
| 830 | 0 |
_aMisiones de arte _9231819 |
|
| 852 |
_aES-MaACL _jE-2256 |
||
| 999 |
_c88126 _d88126 |
||